LEADER 01783oam 2200481M 450 001 9910716366103321 005 20200213070559.7 035 $a(CKB)5470000002520473 035 $a(OCoLC)1065920827 035 $a(OCoLC)995470000002520473 035 $a(EXLCZ)995470000002520473 100 $a20071213d1926 ua 0 101 0 $aeng 135 $aurcn||||||||| 181 $ctxt$2rdacontent 182 $cc$2rdamedia 183 $acr$2rdacarrier 200 10$aAppointment of a commissioner of reclamation. January 16 (calendar day, January 19), 1926. -- Ordered to be printed 210 1$a[Washington, D.C.] :$c[U.S. Government Printing Office],$d1926. 215 $a1 online resource (2 pages) 225 1 $aSenate report / 69th Congress, 1st session. Senate ;$vno. 51 225 1 $a[United States congressional serial set ] ;$v[serial no. 8524] 300 $aBatch processed record: Metadata reviewed, not verified. Some fields updated by batch processes. 300 $aFDLP item number not assigned. 517 $aAppointment of a commissioner of reclamation. January 16 606 $aLegislative amendments 606 $aWages 606 $aCivil service 606 $aSelection and appointment 608 $aLegislative materials.$2lcgft 615 0$aLegislative amendments. 615 0$aWages. 615 0$aCivil service. 615 0$aSelection and appointment. 701 $aKendrick$b John B$g(John Benjamin),$f1857-1933$pDemocrat (WY)$01388443 801 0$bWYU 801 1$bWYU 801 2$bOCLCO 801 2$bOCLCQ 906 $aBOOK 912 $a9910716366103321 996 $aAppointment of a commissioner of reclamation. January 16 (calendar day, January 19), 1926. -- Ordered to be printed$93466325 997 $aUNINA LEADER 03616oam 2200769I 450 001 9910786860103321 005 20230912173030.0 010 $a0-429-11164-9 010 $a1-4398-9595-3 024 7 $a10.1201/b14799 035 $a(CKB)2670000000369385 035 $a(EBL)1172607 035 $a(SSID)ssj0000876678 035 $a(PQKBManifestationID)11446541 035 $a(PQKBTitleCode)TC0000876678 035 $a(PQKBWorkID)10904572 035 $a(PQKB)11359027 035 $a(Au-PeEL)EBL1172607 035 $a(CaPaEBR)ebr10720926 035 $a(CaONFJC)MIL692479 035 $a(OCoLC)899155097 035 $a(OCoLC)857083039 035 $a(Au-PeEL)EBL4009783 035 $a(OCoLC)843532255 035 $a(CaSebORM)9781439895955 035 $a(MiAaPQ)EBC1172607 035 $a(MiAaPQ)EBC4009783 035 $a(EXLCZ)992670000000369385 100 $a20180331d2013 uy 0 101 0 $aeng 135 $aur|n|---||||| 181 $ctxt 182 $cc 183 $acr 200 00$aComputational intelligent data analysis for sustainable development /$fedited by Ting Yu, Nitesh Chawla, Simeon Simoff 205 $a1st edition 210 1$aBoca Raton :$cTaylor & Francis,$d2013. 215 $a1 online resource (443 p.) 225 1 $aChapman & Hall/CRC data mining and knowledge discovery series 225 0$aChapman & Hall/CRC data mining and knowledge discovery series 300 $aDescription based upon print version of record. 311 $a1-322-61197-1 311 $a1-4398-9594-5 320 $aIncludes bibliographical references and index. 327 $asection 1. Integrated sustainability analysis -- section 2. Computational intelligent data analysis for climate change -- section 3. Computational intelligent data analysis for biodiversity and species conservation -- section 4. Computational intelligent data analysis for smart grid and renewable energy -- section 5. Computational intelligent data analysis for sociopolitical sustainability. 330 $aIntelligent data analysis techniques offer powerful solutions to collecting and analyzing vast quantities of environmental and economic data, which lead to better decision making for sustainable development. This volume is the first to discuss the treatment of intelligent data analysis techniques in sustainable development applications. The book describes the emerging use of data mining, machine learning, artificial neural networks, data visualization, knowledge discovery, GIS, and other technologies to tackle environmental, economic, and social issues, including climate change, risk management, and population growth--$cProvided by publisher. 410 0$aChapman & Hall/CRC Data Mining and Knowledge Discovery Series 606 $aSustainable development$xData processing 606 $aPublic works$xPlanning$xData processing 606 $aSocial policy$xData processing 606 $aEnvironmental quality$xMathematical models 606 $aData mining 615 0$aSustainable development$xData processing. 615 0$aPublic works$xPlanning$xData processing. 615 0$aSocial policy$xData processing. 615 0$aEnvironmental quality$xMathematical models. 615 0$aData mining. 676 $a338.9/270285 686 $aBUS061000$aCOM021030$aNAT011000$2bisacsh 701 $aYu$b Ting$f1975-$0874886 801 0$bMiAaPQ 801 1$bMiAaPQ 801 2$bMiAaPQ 906 $aBOOK 912 $a9910786860103321 996 $aComputational intelligent data analysis for sustainable development$93747226 997 $aUNINA